Images of the journey in Dante's Divine comedy /

Bibliographic Details
Main Author: Taylor, Charles H., 1928-
Other Authors: Finley, Patricia, 1925-
Format: Book
Language:English
Published: New Haven : Yale University Press, [1997]
Subjects:

MARC

Tag First Indicator Second Indicator Subfields
LEADER 00000cam a2200000 a 4500
001 in00001402263
005 20151020054121.0
008 961025s1997 ctua b 001 0 eng
010 |a  96037241  
020 |a 0300068344 (cloth : alk. paper) 
035 |a (OCoLC)35832097 
035 |9 AHN0447AM 
040 |a DLC  |c DLC  |d C#P  |d TXA  |d UtOrBLW 
049 |a TXAM 
050 0 0 |a PQ4329  |b .T39 1997 
082 0 0 |a 851/.1  |2 21 
100 1 |a Taylor, Charles H.,  |d 1928- 
245 1 0 |a Images of the journey in Dante's Divine comedy /  |c Charles H. Taylor and Patricia Finley. 
264 1 |a New Haven :  |b Yale University Press,  |c [1997] 
264 4 |c ©1997 
300 |a xvi, 295 pages :  |b illustrations (some color) ;  |c 32 cm. 
336 |a text  |b txt  |2 rdacontent 
337 |a unmediated  |b n  |2 rdamedia 
338 |a volume  |b nc  |2 rdacarrier 
500 |a "An illustrated and interpretive guide to the poet's sacred vision, with 257 annotated illustrations selected from six centuries of artistic response to the poem." 
504 |a Includes bibliographical references (pages 279-280) and index. 
600 0 0 |a Dante Alighieri,  |d 1265-1321.  |t Divina commedia  |x Illustrations. 
700 1 |a Finley, Patricia,  |d 1925- 
948 |a c:pk 
999 |a MARS 
999 f f |s 1df706a7-9fa9-334c-8d4a-c47569f30f7b  |i 7008b149-59af-3b0c-bc52-cb6fc897d032  |t 0 
952 f f |p normal  |a Texas A&M University  |b College Station  |c Sterling C. Evans Library  |d Evans: Library Stacks  |t 0  |e PQ4329 .T39 1997  |h Library of Congress classification  |i unmediated -- volume  |m A14822388730 
998 f f |a PQ4329 .T39 1997  |t 0  |l Evans: Library Stacks